000 00869nam a2200241 i 4500
001 14879
003 ES-MaACL
005 20250730155717.0
007 t|
008 990625s1998 sp ||||1| spa d
020 _a84-8109-165-0
020 _a84-226-7053-4
080 _a946.0"1898"
245 0 0 _aEspaña en 1898
_b: las claves del desastre /
_cPedro Laín Entralgo, Carlos Seco Serrano (editores) ; colaboraciones de José Luis Abellán ... [et al.].
260 _aBarcelona :
_bGalaxia Gutenberg :
_bCírculo de Lectores,
_c[1998]
300 _a334 p. :
_bil. ;
_c22 cm.
651 4 _aEspaña-
_xHistoria-
_y1898
_98272
700 1 _aLaín Entralgo, Pedro,
_d1908-2001
_969681
700 1 _aSeco Serrano, Carlos,
_d1923-2020
_9105054
700 1 _aAbellán, José Luis,
_d1933-2023
_9176509
852 _aES-MaACL
_jL-22060
999 _c14879
_d14879